[Event "POL Youth-ch U20 Girls 2020"]
[Site "Pokrzywna"]
[Date "2020.12.05"]
[Round "8.5"]
[White "Adamczyk, Zuzanna"]
[Black "Dylag, Emilia"]
[Result "0-1"]
[WhiteElo "1924"]
[BlackElo "2082"]
[Annotator "NA"]
[PlyCount "56"]
[EventDate "2020.11.29"]
[EventType "swiss"]
[EventCountry "POL"]
[SourceTitle "playchess.com"]
[Source "ChessBase"]
[SourceQuality "1"]
[TimeControl "40/5400+30:1800+30"]

1. d4 {[%emt 0:00:00]} Nf6 {[%emt 0:00:00]} 2. c4 {[%emt 0:00:00]} g6 {[%emt 0:00:00]} 3. Nc3 {[%emt 0:00:00]} Bg7 {[%emt 0:00:00]} 4. e4 {[%emt 0:00:11]} d6 {[%emt 0:00:11]} 5. h3 {[%emt 0:00:10]} O-O {[%emt 0:00:24]} 6. Be3 {[%emt 0:00:23]} Nbd7 {[%emt 0:00:19]} 7. g4 {[%emt 0:02:40]} c5 {[%emt 0:00:48]} 8. d5 {[%emt 0:04:38]} e6 {[%emt 0:02:01]} (8... Qa5 $11 9. Bd2 Qd8) 9. dxe6 {[%emt 0:04:17] Discovered Attack} fxe6 {[%emt 0:00:10]} (9... Nb6 $142) 10. f4 {[%emt 0:15:49]} Qa5 {[%emt 0:06:42]} 11. Qd2 {[%emt 0:01:40]} b5 {[%emt 0:10:23]} 12. Bg2 {[%emt 0:06:34] [#]} Bb7 {[%emt 0:09:31]} ({And not} 12... bxc4 13. e5 $11 (13. Qxd6 Rb8 $15)) ({Black should play} 12... Nb6 $1 $19 {[%cal Rb6c4]} 13. Nxb5 Qxd2+ 14. Bxd2 Nxc4) 13. g5 {[%emt 0:08:04]} (13. Rh2 $17) 13... b4 {[%emt 0:05:52]} 14. Nd5 $19 {[%emt 0:10:10]} (14. gxf6 bxc3 15. Qxc3 Qxc3+ 16. bxc3 Bxf6 17. Ne2) 14... exd5 {[%emt 0:02:45]} 15. gxf6 {[%emt 0:01:47]} Nxf6 {[%emt 0:00:10]} 16. exd5 {[%emt 0:05:43]} Rae8 {[%emt 0:00:56]} 17. Ne2 {[%emt 0:03:48]} Ba6 {[%emt 0:07:13]} 18. O-O {[%emt 0:03:11]} Bxc4 {[%emt 0:01:02]} 19. Rfe1 {[%emt 0:06:01]} Nh5 {[%emt 0:05:10]} 20. a3 {[%emt 0:06:36]} Bxb2 {[%emt 0:07:49]} 21. Qxb2 {[%emt 0:11:32]} Rxe3 {[%emt 0:00:15]} 22. axb4 {[%emt 0:01:02]} Qxb4 {[%emt 0:00:22]} 23. Qxb4 {[%emt 0:01:00]} cxb4 {[%emt 0:00:05]} 24. Nd4 {[%emt 0:00:07]} Rxe1+ {[%emt 0:00:51]} 25. Rxe1 {[%emt 0:00:04]} Nxf4 {[%emt 0:00:16]} 26. Re7 {[%emt 0:02:52]} Nxg2 {[%emt 0:04:34]} 27. Ne6 {[%emt 0:01:02]} Rb8 {[%emt 0:00:36]} 28. Kxg2 {[%emt 0:01:31]} Bxd5+ {[%emt 0:00:06]} 0-1

[Event "POL Youth-ch U20 Girls 2020"]
[Site "Pokrzywna"]
[Date "2020.12.05"]
[Round "8.6"]
[White "Szczotka, Klara"]
[Black "Smietanska, Wiktoria"]
[Result "1/2-1/2"]
[WhiteElo "1928"]
[BlackElo "2013"]
[Annotator "RC"]
[PlyCount "131"]
[EventDate "2020.11.29"]
[EventType "swiss"]
[EventCountry "POL"]
[SourceTitle "playchess.com"]
[Source "ChessBase"]
[SourceQuality "1"]
[TimeControl "40/5400+30:1800+30"]

1. e4 {[%emt 0:00:00]} c6 {[%emt 0:00:00]} 2. d4 {[%emt 0:00:00]} d5 {[%emt 0:00:00]} 3. Nd2 {[%emt 0:00:00]} dxe4 {[%emt 0:00:00]} 4. Nxe4 {[%emt 0:00:03]} Bf5 {[%emt 0:00:00]} 5. Ng3 {[%emt 0:00:03]} Bg6 {[%emt 0:00:02]} 6. h4 {[%emt 0:00:12]} h6 {[%emt 0:00:10]} 7. Nf3 {[%emt 0:00:13]} Nd7 {[%emt 0:00:08]} 8. h5 {[%emt 0:00:12]} Bh7 {[%emt 0:00:05]} 9. Bd3 {[%emt 0:00:08]} Bxd3 {[%emt 0:00:09]} 10. Qxd3 {[%emt 0:00:05]} e6 {[%emt 0:00:15]} 11. Bd2 {[%emt 0:00:34]} Ngf6 {[%emt 0:00:42]} 12. O-O-O {[%emt 0:01:12]} Be7 {[%emt 0:00:07]} 13. Ne4 {[%emt 0:00:49]} O-O {[%emt 0:00:19]} 14. Rdg1 {[%emt 0:02:14]} Nxe4 {[%emt 0:00:21]} 15. Qxe4 {[%emt 0:00:04]} Nf6 {[%emt 0:00:08]} 16. Qe2 {[%emt 0:00:54]} Qd5 {[%emt 0:00:14]} 17. c4 {[%emt 0:03:50]} Qe4 {[%emt 0:00:05]} 18. Qxe4 {[%emt 0:06:08]} Nxe4 {[%emt 0:00:06]} 19. Be3 {[%emt 0:00:47]} b5 {[%emt 0:04:21]} 20. Ne5 {[%emt 0:08:01]} Rac8 {[%emt 0:03:57]} 21. c5 {[%emt 0:08:30]} Rfd8 {[%emt 0:07:15]} 22. Rd1 {[%emt 0:06:16]} Rd5 {[%emt 0:04:14]} 23. f4 {[%emt 0:03:14]} Bf6 {[%emt 0:17:22]} 24. g4 {[%emt 0:17:57]} Bxe5 {[%emt 0:13:43]} 25. fxe5 {[%emt 0:00:19]} Rcd8 {[%emt 0:02:02]} 26. Kc2 {[%emt 0:03:00]} Kf8 {[%emt 0:07:35]} 27. Rhf1 {[%emt 0:06:53]} Ke7 {[%emt 0:03:17]} 28. b4 {[%emt 0:04:04]} R5d7 {[%emt 0:04:13]} 29. Kd3 {[%emt 0:06:17]} Ng5 {[%emt 0:00:54]} 30. Bxg5+ {[%emt 0:00:13]} hxg5 {[%emt 0:00:08]} 31. Ke4 {[%emt 0:00:05]} a5 {[%emt 0:01:20]} 32. bxa5 {[%emt 0:09:14]} Ra7 {[%emt 0:00:19]} 33. Rf3 {[%emt 0:01:15]} Rxa5 {[%emt 0:06:29]} 34. Rdf1 {[%emt 0:00:18]} Rf8 {[%emt 0:00:32]} 35. R1f2 {[%emt 0:00:22]} Ra4 {[%emt 0:00:55]} 36. a3 {[%emt 0:10:01]} Rc4 {[%emt 0:00:28]} 37. Rf1 {[%emt 0:01:05]} Rc2 {[%emt 0:03:56]} 38. R1f2 {[%emt 0:02:02]} Rxf2 {[%emt 0:00:51]} 39. Rxf2 {[%emt 0:00:03]} Ra8 {[%emt 0:00:09]} 40. Rf3 {[%emt 0:00:00]} Ra4 {[%emt 0:00:00]} 41. Rc3 {[%emt 0:01:11]} Kd8 {[%emt 0:07:13]} 42. Rf3 {[%emt 0:02:05]} Ke8 {[%emt 0:00:38]} 43. Rh3 {[%emt 0:01:35]} Ke7 {[%emt 0:01:45]} 44. Rc3 {[%emt 0:00:05]} Ra8 {[%emt 0:05:03]} 45. Rb3 {[%emt 0:03:33]} Ra7 {[%emt 0:00:26]} 46. Rf3 {[%emt 0:04:00]} Ra4 {[%emt 0:03:05]} 47. Rc3 {[%emt 0:00:10]} Ke8 {[%emt 0:01:12]} 48. Rb3 {[%emt 0:05:41]} Kf8 {[%emt 0:08:07]} 49. Rc3 {[%emt 0:01:54]} Kg8 {[%emt 0:01:11]} 50. Rb3 {[%emt 0:03:28]} Kh7 {[%emt 0:00:14]} 51. Rf3 {[%emt 0:00:36]} Ra7 {[%emt 0:00:42]} 52. Rh3 {[%emt 0:01:03]} Ra4 {[%emt 0:09:22]} 53. Rf3 {[%emt 0:00:53]} Kg8 {[%emt 0:00:18]} 54. Rc3 {[%emt 0:00:06]} Kf8 {[%emt 0:01:59]} 55. Rb3 {[%emt 0:00:56]} Rc4 {[%emt 0:02:18]} 56. Rb4 {[%emt 0:01:12]} Rxb4 {[%emt 0:05:01]} 57. axb4 {[%emt 0:00:05]} Ke7 {[%emt 0:05:32]} 58. Ke3 {[%emt 0:00:41]} f6 {[%emt 0:02:40]} 59. exf6+ {[%emt 0:02:32]} Kxf6 {[%emt 0:00:41]} 60. Ke4 {[%emt 0:00:21]} Kf7 {[%emt 0:00:07]} 61. Ke5 {[%emt 0:00:06]} Ke7 {[%emt 0:01:21]} 62. Ke4 {[%emt 0:00:34]} Kf6 {[%emt 0:00:10]} 63. Ke3 {[%emt 0:00:20]} e5 {[%emt 0:00:35]} 64. Ke4 {[%emt 0:00:27]} exd4 {[%emt 0:00:15]} 65. Kxd4 {[%emt 0:00:02]} Ke6 {[%emt 0:00:10]} 66. Ke4 {[%emt 0:00:04]} 1/2-1/2

[Event "POL Youth-ch U20 Girls 2020"]
[Site "Pokrzywna"]
[Date "2020.12.05"]
[Round "8.7"]
[White "Kulpa, Zuzanna"]
[Black "Marcinczyk, Monika"]
[Result "1-0"]
[WhiteElo "1806"]
[BlackElo "2030"]
[Annotator "NA"]
[PlyCount "67"]
[EventDate "2020.11.29"]
[EventType "swiss"]
[EventCountry "POL"]
[SourceTitle "playchess.com"]
[Source "ChessBase"]
[SourceQuality "1"]
[TimeControl "40/5400+30:1800+30"]

1. e4 {[%emt 0:00:00]} c5 {[%emt 0:00:38]} 2. Nf3 {[%emt 0:00:00]} Nc6 {[%emt 0:00:13]} 3. Bb5 {[%emt 0:00:00]} g6 {[%emt 0:00:25]} 4. Bxc6 {[%emt 0:00:00]} dxc6 {[%emt 0:02:55]} 5. d3 {[%emt 0:00:11]} Bg7 {[%emt 0:00:24]} 6. Nc3 {[%emt 0:01:31]} e5 {[%emt 0:04:46]} 7. Be3 {[%emt 0:02:38]} Qd6 {[%emt 0:02:31]} 8. h3 {[%emt 0:02:18]} Be6 $14 {[%emt 0:02:24]} 9. Ng5 {[%emt 0:03:42]} b6 {[%emt 0:03:15]} 10. O-O {[%emt 0:03:23]} Ne7 {[%emt 0:10:19]} 11. f4 {[%emt 0:04:58]} O-O {[%emt 0:08:56]} 12. f5 {[%emt 0:05:58]} Bd7 {[%emt 0:11:28]} 13. g4 {[%emt 0:05:55]} f6 {[%emt 0:03:29]} 14. Nf3 {[%emt 0:01:11]} g5 {[%emt 0:03:16]} 15. h4 {[%emt 0:02:50]} h6 {[%emt 0:03:10]} 16. Qd2 {[%emt 0:05:12]} Kf7 {[%emt 0:04:46]} 17. Ne2 {[%emt 0:03:18]} gxh4 {[%emt 0:12:43]} 18. Nxh4 {[%emt 0:00:18]} Rh8 {[%emt 0:01:27]} 19. Ng3 {[%emt 0:02:26]} Rag8 {[%emt 0:00:59]} 20. Kf2 {[%emt 0:03:49]} Bf8 {[%emt 0:01:34]} 21. Qe2 {[%emt 0:00:05]} Ke8 {[%emt 0:01:48]} 22. a3 {[%emt 0:04:51]} Kd8 {[%emt 0:02:05]} 23. b4 {[%emt 0:00:40]} cxb4 {[%emt 0:00:39]} 24. axb4 {[%emt 0:00:04]} Nc8 {[%emt 0:00:41]} 25. Rad1 {[%emt 0:10:15]} Qxb4 {[%emt 0:04:57]} 26. d4 {[%emt 0:01:44]} exd4 {[%emt 0:03:08]} 27. Bxd4 {[%emt 0:05:11]} Bc5 {[%emt 0:00:35]} 28. Bxc5 {[%emt 0:03:21]} Qxc5+ {[%emt 0:00:08]} 29. Kf3 {[%emt 0:00:10]} Rh7 {[%emt 0:03:16]} 30. Nh5 {[%emt 0:02:11]} Rf7 {[%emt 0:02:12]} 31. Qd3 {[%emt 0:03:36]} Qe5 {[%emt 0:02:21]} 32. Ng6 {[%emt 0:01:06]} Qh2 {[%emt 0:01:35]} 33. Nhf4 {[%emt 0:06:45]} h5 {[%emt 0:01:04]} 34. gxh5 {[%emt 0:00:12]} 1-0

[Event "POL Youth-ch U20 Girls 2020"]
[Site "Pokrzywna"]
[Date "2020.12.05"]
[Round "8.8"]
[White "Budkiewicz, Magdalena"]
[Black "Cieslak, Wiktoria"]
[Result "1-0"]
[WhiteElo "1672"]
[BlackElo "2008"]
[Annotator "NA"]
[PlyCount "51"]
[EventDate "2020.11.29"]
[EventType "swiss"]
[EventCountry "POL"]
[SourceTitle "playchess.com"]
[Source "ChessBase"]
[SourceQuality "1"]
[TimeControl "40/5400+30:1800+30"]

1. e4 {[%emt 0:00:00]} c5 {[%emt 0:00:00]} 2. Nf3 {[%emt 0:00:00]} a6 {[%emt 0:00:00]} 3. d4 {[%emt 0:00:00]} cxd4 {[%emt 0:00:00]} 4. Nxd4 {[%emt 0:00:06]} Nf6 {[%emt 0:00:00]} 5. Nc3 {[%emt 0:00:29]} e5 {[%emt 0:00:00]} 6. Nde2 {[%emt 0:00:12]} Bb4 {[%emt 0:00:28]} 7. a3 {[%emt 0:01:23]} Bc5 {[%emt 0:01:27]} 8. Ng3 {[%emt 0:01:29]} d6 {[%emt 0:03:39]} 9. Be2 {[%emt 0:01:12]} Be6 $11 {[%emt 0:06:27]} 10. Nd5 {[%emt 0:06:16]} b5 {[%emt 0:10:16]} 11. O-O {[%emt 0:05:13]} Bxd5 {[%emt 0:05:42]} 12. exd5 {[%emt 0:00:14]} g6 {[%emt 0:02:30]} 13. Bh6 {[%emt 0:03:03]} Nbd7 {[%emt 0:05:07]} 14. Kh1 {[%emt 0:12:21]} Qb6 {[%emt 0:01:43]} 15. Qd3 {[%emt 0:06:49]} Ke7 {[%emt 0:15:53]} 16. b4 {[%emt 0:01:51]} Bxf2 {[%emt 0:00:57]} 17. Rxf2 {[%emt 0:00:26]} Qxf2 {[%emt 0:00:53]} 18. Be3 {[%emt 0:00:10]} Ng4 {[%emt 0:03:35]} 19. Bxg4 {[%emt 0:01:37]} Qf6 {[%emt 0:00:23]} 20. Rf1 {[%emt 0:04:51]} Qg7 {[%emt 0:00:27]} 21. Nf5+ {[%emt 0:04:07]} gxf5 {[%emt 0:01:46]} 22. Qxf5 {[%emt 0:00:06]} Rhd8 {[%emt 0:01:08]} 23. Bg5+ {[%emt 0:02:15]} Ke8 {[%emt 0:01:01]} 24. Bh5 {[%emt 0:00:24]} Nb6 {[%emt 0:02:04]} 25. Qe6+ {[%emt 0:00:17]} Kf8 {[%emt 0:00:13]} 26. Rxf7+ {[%emt 0:00:07]} 1-0

[Event "POL Youth-ch U20 Girls 2020"]
[Site "Pokrzywna"]
[Date "2020.12.05"]
[Round "8.9"]
[White "Kroliczek, Gabriela"]
[Black "Zabrzanska, Weronika"]
[Result "0-1"]
[WhiteElo "1911"]
[BlackElo "1849"]
[Annotator "TA"]
[PlyCount "88"]
[EventDate "2020.11.29"]
[EventType "swiss"]
[EventCountry "POL"]
[SourceTitle "playchess.com"]
[Source "ChessBase"]
[SourceQuality "1"]

{[%evp 9,88,-37,-39,-49,-22,-66,-64,-60,-48,-63,-86,-77,-39,-38,-43,-121,-130,-131,-135,-191,-134,-138,-72,-91,-35,-61,-54,-129,-138,-137,-130,-130,-135,-181,-191,-177,-182,-205,-47,-48,-57,-60,-61,-58,-54,-87,-48,-56,-56,-74,-57,-110,-110,-110,-112,-131,-124,-179,-163,-188,-133,-181,-175,-192,-189,-184,-163,-335,-327,-400,-385,-428,-397,-409,-407,-694,-690,-561,-389,-1433,-1402]} 1. e4 c5 2. a3 g6 3. h4 Nc6 4. Nc3 Nf6 5. Nf3 Bg7 {[#]} 6. Bb5 $146 {B20: Sicilian: Unusual White 2nd moves.} ({Predecessor:} 6. d4 cxd4 7. Nxd4 Nxe4 8. Nxe4 Nxd4 9. c3 Ne6 10. h5 Qc7 11. Bd3 b6 12. Qe2 {0-1 (36) Vermeulen,W (2083)-Kleijn,C (2182) Venlo 2007}) 6... Qc7 7. Bxc6 bxc6 8. d3 {Black is slightly better.} d5 9. Qe2 Bg4 10. Bd2 e6 11. Na4 {[#]} c4 $1 {[%mdl 512]} 12. e5 (12. Qe3 $15) (12. dxc4 dxe4) 12... Nd7 $17 13. d4 c5 14. c3 (14. Nxc5 $17 {keeps fighting.} Nxc5 15. dxc5) 14... Bf8 (14... Rb8 $19 15. O-O O-O) 15. Be3 Qc6 ({Black should try} 15... Rb8 16. Nxc5 Nxc5 17. dxc5 Bxc5 18. Bxc5 Qxc5) 16. Nxc5 Nxc5 (16... Bxc5 $17 17. dxc5 Qc8) 17. dxc5 $15 Bxc5 18. Bd4 (18. Bxc5 $15 Qxc5 19. Qe3 Qxe3+ 20. fxe3) 18... Bxf3 $17 19. Qxf3 {[#]} Bxd4 $1 20. cxd4 Rb8 21. Rb1 Rb3 22. Qf6 Rf8 23. Rh3 c3 $2 (23... Rxh3 $19 24. gxh3 Qb6) 24. Rxc3 $1 $15 Rxc3 25. bxc3 Qxc3+ {[%mdl 4160] Endgame Double Attack. KQR-KQR} 26. Kd1 Qd3+ 27. Kc1 Qc4+ 28. Kd2 Qxd4+ 29. Kc2 Qc4+ 30. Kd1 {White is now going downhill.} ({White should play} 30. Kb2 $1 $15) 30... Qd3+ $17 {[%mdl 64] Double Attack} 31. Kc1 Qxa3+ 32. Kd1 {intending Rb7.} Qa4+ 33. Kc1 (33. Kd2 $17 {might work better.}) 33... Qc6+ $19 34. Kd2 {[#] Threatens to win with Rb8+.} Qc7 (34... Kd7 $1 $19 35. Qf4 Qa6) 35. Qf4 {[#]} f6 $1 36. Qa4+ (36. exf6 Qxf4+) 36... Kf7 37. Rc1 Qb7 ({And not} 37... Qxe5 38. Qd7+ Kg8 39. Rc7 $11) 38. Qa5 $2 (38. exf6 Qb2+ 39. Rc2 Qxf6 40. Qxa7+ Kg8 41. f3) 38... Kg8 39. Rc7 Qb2+ {[%mdl 64] Double Attack} 40. Rc2 Qd4+ {[%mdl 64] Double Attack} 41. Kc1 Qf4+ 42. Kb1 (42. Kd1 $142) 42... Rb8+ 43. Ka2 fxe5 44. Qxa7 $2 (44. Qa6) 44... Qb4 {Weighted Error Value: White=0.49/Black=0.23} 0-1

[Event "POL Youth-ch U20 Girls 2020"]
[Site "Pokrzywna"]
[Date "2020.12.05"]
[Round "8.10"]
[White "Siekanska, Maria"]
[Black "Pawicka, Magdalena"]
[Result "1-0"]
[WhiteElo "1919"]
[BlackElo "1762"]
[Annotator "ChessBase"]
[PlyCount "47"]
[EventDate "2020.11.29"]
[EventType "swiss"]
[EventCountry "POL"]
[SourceTitle "playchess.com"]
[Source "ChessBase"]
[SourceQuality "1"]
[TimeControl "40/5400+30:1800+30"]

1. d4 {[%emt 0:00:00]} d5 {[%emt 0:00:06]} 2. c4 {[%emt 0:00:00]} dxc4 {[%emt 0:00:07]} 3. e3 {[%emt 0:00:00]} Nf6 {[%emt 0:00:18]} 4. Bxc4 {[%emt 0:00:00]} e6 {[%emt 0:00:16]} 5. Nf3 {[%emt 0:00:11]} a6 {[%emt 0:00:26]} 6. Bd3 {[%emt 0:00:50]} b5 {[%emt 0:00:24]} 7. a4 {[%emt 0:01:05]} b4 {[%emt 0:00:22]} 8. O-O {[%emt 0:01:02]} Bb7 {[%emt 0:00:06]} 9. Nbd2 {[%emt 0:00:29]} c5 {[%emt 0:05:20]} 10. e4 {[%emt 0:01:45]} cxd4 {[%emt 0:07:17]} 11. e5 {[%emt 0:02:13]} Nfd7 {[%emt 0:09:11]} 12. Nc4 {[%emt 0:03:42]} Nc6 {[%emt 0:03:11]} 13. Bg5 {[%emt 0:10:14]} Qc7 {[%emt 0:11:06]} 14. Rc1 {[%emt 0:02:29]} Bc5 {[%emt 0:02:58]} 15. Bf4 {[%emt 0:04:03]} Qb8 {[%emt 0:10:06]} 16. Ng5 {[%emt 0:06:48]} h6 {[%emt 0:08:06]} 17. Ne4 {[%emt 0:02:19]} O-O {[%emt 0:00:54]} 18. Qg4 {[%emt 0:04:50]} Kh8 {[%emt 0:07:39]} 19. Qh4 {[%emt 0:01:52]} Be7 {[%emt 0:06:25]} 20. Nf6 {[%emt 0:09:51]} Nxf6 {[%emt 0:03:30]} 21. Bxh6 {[%emt 0:00:34]} Nxe5 {[%emt 0:03:14]} 22. Bf4+ {[%emt 0:01:19]} Kg8 {[%emt 0:00:38]} 23. Bxe5 {[%emt 0:00:20]} Ne4 {[%emt 0:02:27]} 24. Qxe7 {[%emt 0:00:23]} 1-0

[Event "POL Youth-ch U20 Girls 2020"]
[Site "Pokrzywna"]
[Date "2020.12.05"]
[Round "8.11"]
[White "Furtak, Joanna"]
[Black "Czernikowska, Laura"]
[Result "1/2-1/2"]
[WhiteElo "1837"]
[BlackElo "1508"]
[Annotator "NA"]
[PlyCount "65"]
[EventDate "2020.11.29"]
[EventType "swiss"]
[EventCountry "POL"]
[SourceTitle "playchess.com"]
[Source "ChessBase"]
[SourceQuality "1"]
[TimeControl "40/5400+30:1800+30"]

1. e4 {[%emt 0:00:00]} c5 {[%emt 0:00:00]} 2. Nc3 {[%emt 0:00:00]} e6 {[%emt 0:00:00]} 3. Nf3 {[%emt 0:00:00]} a6 {[%emt 0:01:13]} 4. d4 {[%emt 0:00:00]} cxd4 {[%emt 0:00:08]} 5. Nxd4 {[%emt 0:00:00]} b5 {[%emt 0:00:25]} 6. g3 {[%emt 0:00:44]} Bb7 {[%emt 0:00:45]} 7. Bg2 {[%emt 0:00:18]} Nf6 {[%emt 0:00:48]} 8. O-O {[%emt 0:01:52]} d6 {[%emt 0:01:37]} 9. Re1 {[%emt 0:01:18]} Qc7 {[%emt 0:02:54]} ({Better is} 9... Qd7 $14) 10. a4 $16 {[%emt 0:03:42]} bxa4 {[%emt 0:05:03]} 11. Be3 {[%emt 0:12:14]} Nbd7 {[%emt 0:04:23]} 12. Qe2 {[%emt 0:05:44]} e5 {[%emt 0:01:55]} 13. Nf5 {[%emt 0:02:58]} g6 {[%emt 0:01:23]} 14. Nh4 {[%emt 0:01:41]} a3 {[%emt 0:00:19]} 15. Nd5 {[%emt 0:08:59]} Nxd5 {[%emt 0:02:44]} 16. exd5 {[%emt 0:00:05]} axb2 {[%emt 0:00:17]} 17. Ra2 {[%emt 0:01:16]} Bg7 {[%emt 0:06:57]} 18. Rb1 {[%emt 0:06:27]} O-O {[%emt 0:02:51]} 19. Raxb2 {[%emt 0:00:47]} Rfb8 {[%emt 0:02:03]} 20. Qd2 {[%emt 0:07:39]} Bc8 {[%emt 0:08:03]} 21. Rb3 {[%emt 0:02:06]} Rxb3 {[%emt 0:09:30]} 22. cxb3 {[%emt 0:00:04]} Nf6 {[%emt 0:10:50]} 23. Rc1 {[%emt 0:02:55]} Qd7 {[%emt 0:02:34]} 24. Qa5 {[%emt 0:02:14]} Ne8 {[%emt 0:03:42]} 25. Bf1 {[%emt 0:01:22]} Bb7 {[%emt 0:02:48]} 26. b4 {[%emt 0:02:04]} Bf6 {[%emt 0:05:20]} 27. Ng2 {[%emt 0:02:06]} Bd8 {[%emt 0:02:20]} 28. Bb6 {[%emt 0:00:58]} Bxb6 {[%emt 0:00:34]} 29. Qxb6 {[%emt 0:00:03]} Bxd5 {[%emt 0:00:25]} 30. Bxa6 {[%emt 0:00:58]} Qa7 {[%emt 0:01:01]} 31. Qxa7 {[%emt 0:01:51]} Rxa7 {[%emt 0:00:05]} 32. b5 {[%emt 0:00:37]} Bb7 {[%emt 0:01:19]} 33. Ne3 {[%emt 0:03:29]} 1/2-1/2

[Event "POL Youth-ch U20 Girls 2020"]
[Site "Pokrzywna"]
[Date "2020.12.05"]
[Round "8.12"]
[White "Mirowska, Oliwia"]
[Black "Bukala, Weronika"]
[Result "1-0"]
[WhiteElo "1820"]
[BlackElo "1677"]
[Annotator "NA RC"]
[PlyCount "105"]
[EventDate "2020.11.29"]
[EventType "swiss"]
[EventCountry "POL"]
[SourceTitle "playchess.com"]
[Source "ChessBase"]
[SourceQuality "1"]
[TimeControl "40/5400+30:1800+30"]

1. Nf3 {[%emt 0:01:51]} Nf6 {[%emt 0:00:00]} 2. g3 {[%emt 0:00:13]} g6 {[%emt 0:00:00]} 3. Bg2 {[%emt 0:00:07]} Bg7 {[%emt 0:00:01]} 4. d3 {[%emt 0:00:07]} d5 {[%emt 0:01:00]} 5. O-O {[%emt 0:00:08]} O-O {[%emt 0:00:48]} 6. Nbd2 {[%emt 0:01:09]} Nc6 {[%emt 0:01:45]} 7. e4 {[%emt 0:00:55]} d4 {[%emt 0:01:32]} 8. Re1 {[%emt 0:01:02]} e5 {[%emt 0:01:08]} 9. Nf1 {[%emt 0:00:58]} Qd6 {[%emt 0:05:35]} 10. h3 $15 {[%emt 0:00:32]} Be6 {[%emt 0:01:53]} 11. Bd2 {[%emt 0:00:17]} a5 {[%emt 0:07:03]} 12. Nh4 {[%emt 0:02:14]} Ra6 {[%emt 0:07:59]} 13. Qc1 {[%emt 0:04:15]} Qc5 {[%emt 0:05:53]} 14. a3 {[%emt 0:00:55]} Nd7 {[%emt 0:09:03]} 15. g4 {[%emt 0:01:23]} Nb6 {[%emt 0:03:06]} 16. Ng3 {[%emt 0:00:42]} Na4 {[%emt 0:01:19]} 17. b3 {[%emt 0:00:11]} Nc3 {[%emt 0:00:22]} 18. Bh6 {[%emt 0:00:27]} Ne7 {[%emt 0:07:39]} 19. Bxg7 {[%emt 0:01:33]} Kxg7 {[%emt 0:00:02]} 20. Nhf5+ {[%emt 0:00:48]} Bxf5 {[%emt 0:04:06]} 21. gxf5 {[%emt 0:01:59]} Rc6 {[%emt 0:03:44]} 22. Qg5 {[%emt 0:02:10]} Ng8 {[%emt 0:01:51]} 23. Kh2 {[%emt 0:09:24]} Nf6 {[%emt 0:08:10]} 24. Bf3 {[%emt 0:04:42]} Nb5 {[%emt 0:01:09]} 25. Rac1 {[%emt 0:00:13]} Nxa3 {[%emt 0:01:28]} 26. Rg1 {[%emt 0:00:28]} h6 {[%emt 0:08:07]} 27. Qh4 {[%emt 0:02:27]} Kh7 {[%emt 0:02:22]} 28. Ne2 {[%emt 0:04:58]} Nxc2 {[%emt 0:03:51]} 29. Rg2 {[%emt 0:12:54]} Qb4 {[%emt 0:08:07]} 30. Rxc2 {[%emt 0:12:17]} Rxc2 {[%emt 0:00:13]} 31. Qxf6 {[%emt 0:00:11]} Qd6 {[%emt 0:00:37]} 32. Qh4 {[%emt 0:00:33]} Rb2 {[%emt 0:00:25]} 33. Ng3 {[%emt 0:01:16]} Rxb3 {[%emt 0:02:10]} 34. f6 {[%emt 0:01:46]} g5 {[%emt 0:00:57]} 35. Qg4 {[%emt 0:02:08]} Qxf6 {[%emt 0:00:05]} 36. Nh5 {[%emt 0:00:39]} Qe6 {[%emt 0:00:09]} 37. Qg3 {[%emt 0:02:25]} Rxd3 {[%emt 0:01:25]} 38. Rg1 {[%emt 0:00:16]} a4 {[%emt 0:00:17]} 39. Qg2 {[%emt 0:00:11]} a3 {[%emt 0:01:14]} 40. Bg4 {[%emt 0:00:00]} Qb6 {[%emt 0:00:00]} 41. h4 {[%emt 0:01:06]} Rg8 {[%emt 0:02:15]} 42. Qf1 {[%emt 0:00:40]} Rb3 {[%emt 0:02:45]} 43. Qc4 {[%emt 0:00:25]} Rf8 {[%emt 0:06:04]} 44. hxg5 {[%emt 0:02:19]} hxg5 {[%emt 0:03:03]} 45. Bf5+ {[%emt 0:01:17]} Kh6 {[%emt 0:02:33]} 46. Nf6 {[%emt 0:00:48]} a2 {[%emt 0:09:55]} 47. Nd7 {[%emt 0:04:20]} Qb4 {[%emt 0:03:02]} 48. Kg2 {[%emt 0:02:16]} Rb1 {[%emt 0:04:25]} 49. Rh1+ {[%emt 0:02:47]} Rxh1 {[%emt 0:00:17]} 50. Qxb4 {[%emt 0:00:06]} Rh8 {[%emt 0:00:54]} 51. Qe7 {[%emt 0:01:06]} Kg7 {[%emt 0:02:20]} 52. Qf6+ {[%emt 0:00:06]} Kg8 {[%emt 0:00:08]} 53. Qxg5# {[%emt 0:00:06]} 1-0